| 000 | 00572nam a2200193Ia 4500 | ||
|---|---|---|---|
| 999 |
_c8730 _d8730 |
||
| 020 | _a9789351251439 | ||
| 082 | _a305.80095417 CUL; | ||
| 245 | 0 | _aCultural practices and identity politics in Manipur | |
| 260 |
_aNew Delhi _bConcept Publishing _c2015 |
||
| 300 | _axvii, 190p | ||
| 650 | _aGROUP IDENTITY - MANIPUR | ||
| 650 | _aETHNIC GROUPS - MANIPUR | ||
| 650 | _aIDENTITY POLITICS - MANIPUR | ||
| 650 | _aWOMEN IN DEVELOPMENT | ||
| 700 | _aChurchil, Laishram | ||
| 700 | _aHenthoiba, Lisham | ||
| 710 | _aCentre for Alternative Discourse, Manipur | ||
| 942 | _cBK | ||